RESILIENT CITIES / (Record no. 587909)

000 -LEADER
fixed length control field 00295nam a22001337a 4500
020 ## - INTERNATIONAL STANDARD BOOK NUMBER
Qualifying information PB.
027 ## - STANDARD TECHNICAL REPORT NUMBER
Qualifying information PET
040 ## - CATALOGING SOURCE
Transcribing agency FIZZA ISHAQ
100 ## - MAIN ENTRY--PERSONAL NAME
Personal name NEWMAN,PETER.
9 (RLIN) 89069
245 ## - TITLE STATEMENT
Title RESILIENT CITIES /
Statement of responsibility, etc. PETER NEWMAN.
260 ## - PUBLICATION, DISTRIBUTION, ETC.
Place of publication, distribution, etc. NEW YORK ;
Date of publication, distribution, etc. 1988.
300 ## - PHYSICAL DESCRIPTION
Extent 166 P. ;
942 ## - ADDED ENTRY ELEMENTS (KOHA)
Source of classification or shelving scheme
Koha item type Book
Holdings
Withdrawn status Lost status Source of classification or shelving scheme Damaged status Not for loan Permanent Location Current Location Date acquired Total Checkouts Barcode Date last seen Date last checked out Price effective from Koha item type
          NUST Baluchistan Campus (NBC) NUST Baluchistan Campus (NBC) 02/16/2022 3 Q-2402 08/23/2023 08/23/2023 02/16/2022 Book
© 2023 Central Library, National University of Sciences and Technology. All Rights Reserved.